Name the World Leader (1960s) - Picture Quiz - Statistics

General Stats
  • This quiz has been taken 147 times
  • The average score is 10 of 15
Answer Stats
Picture Hint Answer % Correct
United States John F. Kennedy
98%
China Mao Zedong
98%
Spain Francisco Franco
89%
United States Lyndon B. Johnson
87%
France Charles de Gaulle
85%
Yugoslavia Josip Broz Tito
83%
Soviet Union Nikita Khrushchev
77%
Egypt Gamal Abdel Nasser
74%
Soviet Union Leonid Brezhnev
73%
West Germany Konrad Adenauer
52%
Indonesia Sukarno
51%
Monaco Rainier II
43%
Portugal António de Oliveira Salazar
39%
France Georges Pompidou
35%
South Korea Park Chung-hee
33%
No matching quizzes found
Score Distribution
Percent of People with Each Score
Percentile by Number Answered
Your Score History
You have not taken this quiz